000 01375nam a2200229Ia 4500
003 Ost
005 20260507075403.0
008 260507s9999||||xx |||||||||||||| ||und||
020 _a2126644977
040 _cfsecg
041 _aara
082 _a330
100 _aعبد الرحمن، إسماعيل محمود
_eمؤلف
245 0 _aمحاسبة التلوث البيئي /
_c إسماعيل محمود عبد الرحمن
260 _aالإسكندرية:
_bمكتبة الوفاء القانونية,
_c2014
300 _a226 صفحة؛
_bإيضاحات ؛
_c25 سم
504 _aالمراجع ص.420
520 _aيضم الحاجة إلى توظيف معلومات الكلفة البيئية في صنع القرارات الإستثمارية ، مفهوم علم اقتصاد البيئة ، تنظيم المدن الصناعية وادارتها دراسة وتحليل التكاليف البيئية وأهميتها في ترشيد القرارات الإدارية ، المشاكل المحاسبة المعاصرة ، دور المحاسبة البيئية في إدارة الخطر الناجم عن التلوث البيئي والإفصاح عنها ، محاسبة التلوث البيئي ، المحاسبة عن التكاليف البيئية
653 _aالبيئة
653 _aالتلوث البيئة
942 _cكتاب
999 _c44287
_d44287